<?xml version="1.0" encoding="UTF-8"?>
<record
    xmlns:xsi="http://www.w3.org/2001/XMLSchema-instance"
    xsi:schemaLocation="http://www.loc.gov/MARC21/slim http://www.loc.gov/standards/marcxml/schema/MARC21slim.xsd"
    xmlns="http://www.loc.gov/MARC21/slim">

  <leader>01312nam a2200277 i 4500</leader>
  <controlfield tag="001">92827</controlfield>
  <controlfield tag="003">ES-MaACL</controlfield>
  <controlfield tag="005">20240121122045.0</controlfield>
  <controlfield tag="007">t|</controlfield>
  <controlfield tag="008">211222s2012    sp a          00110dspa d</controlfield>
  <datafield tag="020" ind1=" " ind2=" ">
    <subfield code="a">978-84-9749-507-3</subfield>
  </datafield>
  <datafield tag="080" ind1=" " ind2=" ">
    <subfield code="a">72.036</subfield>
  </datafield>
  <datafield tag="245" ind1="0" ind2="0">
    <subfield code="a">Proyecto + investigaci&#xF3;n 2 : </subfield>
    <subfield code="b">la l&#xF3;gica del proyecto, 6 elementos + 1 acci&#xF3;n / </subfield>
    <subfield code="c">[editores], Mar&#xED;a Carreiro, C&#xE1;ndido L&#xF3;pez.</subfield>
  </datafield>
  <datafield tag="260" ind1=" " ind2=" ">
    <subfield code="a">A Coru&#xF1;a : </subfield>
    <subfield code="b">ETSA Coru&#xF1;a : </subfield>
    <subfield code="b">Universidade da Coru&#xF1;a, </subfield>
    <subfield code="c">2012.</subfield>
  </datafield>
  <datafield tag="300" ind1=" " ind2=" ">
    <subfield code="a">113 p. : </subfield>
    <subfield code="b">il. ; </subfield>
    <subfield code="c">30 cm.</subfield>
  </datafield>
  <datafield tag="505" ind1="8" ind2=" ">
    <subfield code="a">Contiene: Tecnolog&#xED;a / Antoni Ubach . Identidad / Francesc Rius . Artisticidad / Elisa Valero . Hibridaci&#xF3;n / Jos&#xE9; M&#xAA; de Lapuerta . Transmitir / Jos&#xE9; Manuel + Ram&#xF3;n Rodr&#xED;guez . L&#xED;mite / Ricard Pi&#xE9; . Cultura / Manuel Gallego</subfield>
  </datafield>
  <datafield tag="594" ind1=" " ind2=" ">
    <subfield code="a">Recoge el ciclo de conferencias de t&#xED;tulo hom&#xF3;nimo, desarrollado durante octubre y noviembre de 2011 en la ETS de Arquitectura de A Coru&#xF1;a</subfield>
  </datafield>
  <datafield tag="650" ind1=" " ind2="4">
    <subfield code="a">Arquitectura-</subfield>
    <subfield code="y">S.XX.</subfield>
    <subfield code="9">10007</subfield>
  </datafield>
  <datafield tag="650" ind1=" " ind2="4">
    <subfield code="a">Arquitectura espa&#xF1;ola-</subfield>
    <subfield code="y">S.XX.</subfield>
    <subfield code="9">167466</subfield>
  </datafield>
  <datafield tag="700" ind1="1" ind2=" ">
    <subfield code="a">Carreiro, Mar&#xED;a.</subfield>
    <subfield code="9">171158</subfield>
  </datafield>
  <datafield tag="700" ind1="1" ind2=" ">
    <subfield code="a">L&#xF3;pez Gonz&#xE1;lez, C&#xE1;ndido.</subfield>
    <subfield code="9">173912</subfield>
  </datafield>
  <datafield tag="710" ind1="2" ind2=" ">
    <subfield code="a">Universidade da Coru&#xF1;a.</subfield>
    <subfield code="9">173914</subfield>
  </datafield>
  <datafield tag="852" ind1="4" ind2=" ">
    <subfield code="a">ES-MaACL</subfield>
    <subfield code="j">A-14808</subfield>
    <subfield code="9">96218</subfield>
    <subfield code="b">R.152335</subfield>
    <subfield code="c">DEPO1</subfield>
    <subfield code="d">Olim: N-7808</subfield>
    <subfield code="h">Donaci&#xF3;n: Editorial </subfield>
  </datafield>
  <datafield tag="942" ind1=" " ind2=" ">
    <subfield code="2">udc</subfield>
  </datafield>
  <datafield tag="999" ind1=" " ind2=" ">
    <subfield code="c">92827</subfield>
    <subfield code="d">92827</subfield>
  </datafield>
  <datafield tag="952" ind1=" " ind2=" ">
    <subfield code="0">0</subfield>
    <subfield code="1">0</subfield>
    <subfield code="2">udc</subfield>
    <subfield code="4">0</subfield>
    <subfield code="7">0</subfield>
    <subfield code="a">ATENEOM</subfield>
    <subfield code="b">ATENEOM</subfield>
    <subfield code="c">DEPO1</subfield>
    <subfield code="d">2021-12-22</subfield>
    <subfield code="e">DONACION</subfield>
    <subfield code="l">0</subfield>
    <subfield code="o">A-14808</subfield>
    <subfield code="p">1202760</subfield>
    <subfield code="r">2023-02-23 00:00:00</subfield>
    <subfield code="w">2023-02-23</subfield>
    <subfield code="y">MONOGRAFIA</subfield>
  </datafield>
</record>
